Rizoma : introducción /

Ensayo que desarrolla un modelo epistemológico para concebir la realidad, dotado de una estructura pero con posibilidades de partir desde cualquier punto, y que contrapone al pensamiento lógico basado en principios. Toma como referencia la manera como se despliega el rizoma, que en biología es un ta...

Descripció completa

Guardat en:
Dades bibliogràfiques
Autor principal: Deleuze, Gilles (autor)
Altres autors: Guattari, Félix (autor) (autor)
Format: Llibre
Idioma:espanyol
Publicat: Valencia, España : Pre-Textos, 1977, c1977
Col·lecció:(Pre-Textos ; Ensayo) 3.
Matèries:
Etiquetes: Afegir etiqueta
Sense etiquetes, Sigues el primer a etiquetar aquest registre!

MARC

LEADER 00000nam^a2200000^a^4500
001 000028965
005 20250521000000.0
009 20260310084908.642
022 |a 84-8508-02-1 
037 |a Acervo ITESO - Biblioteca 
041 |a ESP 
082 |a 121.  |b DEL 
100 |a Deleuze, Gilles  |e (autor) 
245 1 0 |a Rizoma :  |b introducción /  |c G. Deleuze, F. Guattari ; tr. por C. Casillas, V. Navarro. 
264 4 |a Valencia, España :  |b Pre-Textos,  |c 1977, c1977 
300 |a 61 p. 
336 |a texto  |b txt  |2 rdacontenido 
337 |a sin mediación  |b n  |2 rdamedio 
338 |a volumen  |b nc  |2 rdasoporte 
440 1 |a (Pre-Textos ;  |v 3.  |p Ensayo) 
500 |a Traducción de: Rhizome: Introduction 
520 |a Ensayo que desarrolla un modelo epistemológico para concebir la realidad, dotado de una estructura pero con posibilidades de partir desde cualquier punto, y que contrapone al pensamiento lógico basado en principios. Toma como referencia la manera como se despliega el rizoma, que en biología es un tallo. 
649 |a XX 
650 |a Epistemología -  |x Tema Principal 
650 |a Estructuralismo 
650 |a Filosofía del Siglo XX 
700 |a Guattari, Félix  |e (autor) 
910 |a Fondo General 
920 |a Impresos - Libros 
930 |a Colección General 
905 |a 101 
901 |a 0289650100  |b IT1  |c ACC  |i 028965  |u 20250521 
902 |a https://opac.biblio.iteso.mx/vufind/Record/000028965